100 pytań na 100-lecie Gdyni - Statystyki

Ogólne statystyki
  • Ten quiz został rozwiązany 66 razy
  • Średni wynik to 22 z 100
Statystyki odpowiedzi
Pytanie Odpowiedź % Poprawnych
W którym roku Gdynia dostała prawa miejskie? 1926
94%
Na ile dzielnic dzieli się obecnie Gdynia? 21
70%
Jak nazywa się główny skwer w centrum Gdyni? Skwer Kościuszki
55%
Jak nazywa się najbardziej utytułowany klub piłkarski posiadający siedzibę w Gdyni? Arka Gdynia
53%
Jak nazywa się dzielnica Gdyni, będąca szczególnie znana ze swojego spokojnego charakteru, nadmorskiego molo oraz klifu? Orłowo
51%
Jaka forma transportu publicznego jest wyjątkowa dla Gdyni, a także Lublina i Tychów? Trolejbus
51%
Ile przystanków SKM Trójmiasto znajduje się na terenie Gdyni? 9
49%
Z iloma gminami graniczy Gdynia? 7
47%
Jak nazywa się najbardziej zaludniona dzielnica Gdyni, posiadająca własny herb? Chylonia
43%
Kogo imię nosi estakada łącząca Obwodnicę Trójmiasta m.in. z Portem? Eugeniusz Kwiatkowski
43%
Muzeum, stocznię, naczelne dowództwo oraz akademię której siły zbrojnej można znaleźć w Gdyni? Marynarka Wojenna
43%
Którego dnia kampanii wrześniowej Gdynia poddała się Niemcom? 14 września
40%
Jak nazywa się obecna prezydent Gdyni? Aleksandra Kosiorek
40%
Jak nazywa się największa gdyńska galeria handlowa? Riviera
38%
Oprócz Gdańska i Sopotu, Gdynia graniczy z jakim miastem? Rumia
38%
Jak nazywa się główna i najbardziej znana aleja reprezentacyjna gdyńskiego Śródmieścia? Świętojańska
38%
Jak nazywał się poprzedni prezydent? Wojciech Szczurek
38%
Jak nazywa się dzielnica Gdyni, położona na zachód od centrum, na terenie której znajduje się m.in. najważniejsza gdyńska uczelnia wyższa? Grabówek
36%
Jaką nazwę nosi znane gdyńskie wzgórze w centrum miasta z krzyżem na wierzchołku, będące też nazwą dzielnicy? Kamienna Góra
36%
Jak nazywa się dzielnica Gdyni, będąca niegdyś oddzielną miejscowością, na terenie której znajduje się m.in. parafia św. Michała Archanioła? Oksywie
36%
Jak nazywa się najwyższy budynek na terenie Gdyni? Sea Towers
36%
I na koniec łatwe pytanie - jakie obiekty przedstawia herb Gdyni? (wymień przynajmniej jeden) Miecz, ryby
34%
Jak nazywa się najdłuższa i jedna z najważniejszych ulic w Gdyni? Morska
34%
Jaką funkcję pełnił opuszczony budynek, oddalony o około 300 metrów od brzegu plaży w gdyńskich Babich Dołach? Torpedownia
34%
Jaką nazwę nosi główna gdyńska uczelnia wyższa? Uniwersytet Morski
34%
Ile na koniec 2024 roku wynosiła populacja Gdyni? (około, w tys.) 240
32%
Jak nazywa się żaglowiec zacumowany w Gdyni, obecnie przekształcony w muzeum? Dar Pomorza
32%
Jak nazywa się galeria handlowa na rogu ulic Władysława IV oraz 10 Lutego? Galeria Batory
32%
Jakie kolory zawiera flaga Gdyni? (nie licząc herbu) Biały, niebieski
30%
Jak nazywa się dzielnica Gdyni, zabudowana w latach 30. XX wieku, na terenie której znajduje się m.in. II Liceum Ogólnokształcące? Działki Leśne
30%
Jak nazywała się prezydentka Gdyni w latach 1990-98? Franciszka Cegielska
30%
Jak nazywała się Gdynia podczas okupacji niemieckiej? Gotenhafen
30%
W jakim stylu architektonicznym wybudowana jest większość kamienic gdyńskiego Śródmieścia? Modernizm
30%
Jak nazywa się okręt-muzeum zacumowany w Gdyni, który podczas II wojny światowej wziął udział m.in. w bitwie o Narwik? ORP ,,Błyskawica"
30%
Jak nazywa się dzielnica Gdyni, zabudowana w latach 60. XX wieku na wielkiej polanie, w całości otoczonej lasem? Witomino
30%
Do którego szwedzkiego miasta można dopłynąć promem z Gdyni? Karlskrona
28%
Jak nazywa się główna ulica prowadząca z centrum do Sopotu i dalej do Gdańska? Aleja Zwycięstwa
26%
Z nazwą jakiego państwa dzieli nazwę dawne bieda osiedle na terenie Chyloni? Meksyk
26%
Jak nazywa się obiekt, który m.in. w czasach międzywojennych pełnił funkcję dworca morskiego? Muzeum Emigracji
26%
Na terenie której dzielnicy znajduje się Pomorski Park Naukowo-Technologiczny? Redłowo
26%
Jak nazywał się pułkownik wojska polskiego, który dowodził powyższą obroną? Stanisław Dąbek
23%
Jaka była jej pierwotna niemiecka nazwa? Gdingen
21%
Jak nazywał się pierwszy polski wójt Gdyni? Jan Radtke
21%
Jaka dzielnica powstała poprzez przyłączenie do Gdyni w 1970 roku części wsi o tej samej nazwie? Pogórze
21%
Jak nazywa się park krajobrazowy, znajdujący się m.in. na terenie Gdyni? Trójmiejski Park Krajobrazowy
21%
Ile ma wysokości? 141 m
19%
Jak nazywa się potok płynący m.in. przez Chylonię? Chylonka
19%
Czyje imię nosi gdyński Teatr Muzyczny? Danuta Baduszkowa
19%
Jak nazywa się najdłuższy potok na terenie Gdyni? Kacza
19%
Jak nazywa się południowa część Orłowa, granicząca bezpośrednio z Sopotem, nie będąca jednak osobną dzielnicą? Kolibki
19%
Jak nazywa się plac u zbiegu ulic Świętojańskiej, Wójta Radtkego, Starowiejskiej, Jana z Kolna i Portowej? Plac Kaszubski
19%
Jak nazywa się jedyna dzielnica Gdyni, która graniczy z Gdańskiem? Wielki Kack
19%
Jak podczas okupacji niemieckiej nazywała się ul. Świętojańska? Adolf-Hitler-Straße
17%
Jakie dzisiejsze ulice wchodziły w skład dawnej Szosy Gdańskiej? (wymień przynajmniej jedną) Aleja Zwycięstwa, Chylońska, Morska, Śląska
17%
Jak nazywa się największa pod względem powierzchni dzielnica Gdyni? Chwarzno-Wiczlino
17%
Drzewo jakiego gatunku rosło niegdyś na wysepce pośrodku ulicy Portowej? Dąb
17%
Jak nazywa się dzielnica, na terenie której znajdują się ulice m.in. Legionów, Władysława Syrokomli oraz Juliana Ejsmonda? Wzgórze św. Maksymiliana
17%
W jakiej dzielnicy znajdują się takie ulice jak Janowska i Zbożowa? Cisowa
15%
W jakiej dzielnicy znajdują się takie ulice jak Rdestowa i Paprykowa? Dąbrowa
15%
Jak nazywa się najwyższe wzniesienie na terenie Gdyni? Góra Donas
15%
Jak nazywał się kontradmirał polskiej floty, dowódca morskiej obrony wybrzeża we wrześniu 1939 roku? Józef Unrug
15%
W której dzielnicy Gdyni znajdują się takie ulice jak Stolarska i Frezerów? Obłuże
15%
W którym roku została uruchomiona pierwsza linia trolejbusowa w Gdyni? 1943
13%
Na ile m.n.p.m się wznosi? 206
13%
Jak nazywał się kaszubski działacz na rzecz przyłączenia Pomorza Gdańskiego do Polski, który wygłosił swoją mowę na konferencji pokojowej w Wersalu w 1919? Antoni Abraham
13%
W jakiej dzielnicy znajdują się takie ulice jak Łowicka i Spokojna? Mały Kack
13%
Jak nazywa się park w centrum Gdyni, równoległy do al. Józefa Piłsudskiego? Park Centralny
13%
W jakim stylu architektonicznym wybudowany jest obecny budynek dworca kolejowego Gdynia Główna? Socrealizm
13%
Czyją nazwę nosi węzeł ulic Morskiej i Chylońskiej w dzielnicy Chylonia? Żołnierzy Wyklętych
13%
Ile km² wynosi powierzchnia Gdyni? (bez obszaru morskiego) 135
11%
Jak nazywa się najmniejsza pod względem populacji dzielnica Gdyni? Babie Doły
11%
Kogo imię nosi gdyński Bulwar Nadmorski? Feliks Nowowiejski
11%
W której dzielnicy znajdują się takie ulice jak Jana Brzechwy i Burakowa? Karwiny
11%
Jak nazywa się plac zlokalizowany między ulicami Wielkopolską i Bytomską? Plac Górnośląski
11%
W którym roku wojska rosyjskie spaliły wieś Gdynię oraz okoliczne wioski w zamian za poparcie Gdańska w wojnie o sukcesję polską? 1734
9%
Jaką nazwę w okresie PRL-u nosiła dzisiejsza ul. Morska? Czerwonych Kosynierów
9%
Jak nazywa się oddana do użytku w 2008 roku obwodnica centrum miasta? Droga Gdyńska
9%
W jakiej dzielnicy znajdują się takie ulice jak Działdowska i Stoigniewa? Leszczynki
9%
Jak nazywa się molo, na którym znajduje się m.in. Akwarium Morskie? Molo Południowe
9%
Jak nazywa się miejsce u podnóży Kępy Redłowskiej, gdzie niegdyś znajdował się basen? Polanka Redłowska
9%
W jakiej dzielnicy znajdują się takie ulice jak Chabrowa i Borowikowa? Pustki Cisowskie-Demptowo
9%
Jak nazywała się powyższa dzielnica w okresie PRL-u? Wzgórze Nowotki
9%
Jak nazywa się rezerwat przyrody położony nad rzeką Kaczą? Kacze Łęgi
8%
Jaka jest niemiecka nazwa Chyloni? Kielau
8%
Jak nazywa się wzgórze na Chyloni, które dawno temu było miejscem kultu pogańskiego? Święta Góra
8%
Do którego dnia trwała heroiczna obrona Kępy Oksywskiej przez Polaków? 19 września
6%
Jak nazywa się patron najstarszej gdyńskiej parafii? Święty Mikołaj
6%
Kiedy Gdynia została "wyzwolona" spod okupacji niemieckiej? 28 marca 1945
4%
Jaką nazwę w okresie PRL-u nosiła dzisiejsza al. Józefa Piłsudskiego? Al. Czołgistów
4%
Jak nazywał się generał, zmarły tragicznie w katastrofie lotniczej w Orłowie w 1936 roku? Gustaw Orlicz-Dreszer
4%
Jak podczas okupacji niemieckiej nazywała się ul. 10 Lutego? Hermann-Goring-Straße
4%
Jak nazywa się najstarszy pomnik w Gdyni, znajdujący się na Chyloni? Pomnik Ofiar I Wojny Światowej
4%
Czego imię nosi park zlokalizowany przy ul. Armii Krajowej i Karola Olgierda Borchardta? Rada Europy
4%
Jak nazywa się potok na granicy Gdyni i Sopotu? Swelina
4%
Jak nazywała się powyższa dzielnica w okresie międzywojennym? Wzgórze Focha
4%
Jaką nazwę nosi dzisiaj dawna ulica Czechosłowacka? Aleja Solidarności
2%
Jak nazywał się pierwszy burmistrz Gdyni? Augustyn Krauze
2%
Kto zaprojektował obecny herb Gdyni? Leon Staniszewski
2%
Czego nazwę nosi węzeł ulic Śląskiej, Morskiej i 10 Lutego? Pokoju
2%
Jak nazywał się Gdynianin, autor ,,Bedekera Gdyńskiego", patronujący jednej z ulic na Wiczlinie? Kazimierz Małkowski
0%
Nie znaleziono quizów pasujących do podanych kryteriów
Rozkład punktacji
Procent ludzi z każdym wynikiem
Percentyl według liczby udzielonych odpowiedzi
Twoja historia wyników
Nie rozwiązałeś tego quizu